Terjebak

Bibliographic Details
Main Author: Mohamad Sobri bin Jaafar
Format: Book
Published: Petaling Jaya : Hasrat Murni , 2003
Series:Saya anak Malaysia
Subjects:

MARC

LEADER 00000cam a2200000 7i4500
001 0000054622
005 20220105105354.0
008 151108
020 |a 9830601846 
090 0 0 |a AD   |b MAL 
100 1 |a Mohamad Sobri bin Jaafar 
245 1 0 |a Terjebak   |c Muhamad Sobri Bin Jaafar 
260 |a Petaling Jaya :   |b Hasrat Murni ,   |c 2003 
300 |a 62pg. :   |b ill. 
490 1 |a Saya anak Malaysia 
500 |a Children ages 7-9 years old (orange) 
650 0 |a Children's story, Malay 
999 |a 0000883297   |b Book   |c Children Collection   |e Cawangan Segamat 
999 |a 0000883298   |b Book   |c Children Collection   |e Cawangan Segamat 
999 |a 0000883299   |b Book   |c Children Collection   |e Cawangan Segamat 
999 |a 0000918441   |b Book   |c Children Collection   |e Cawangan Bukit Gambir 
999 |a 0000918442   |b Book   |c Children Collection   |e Cawangan Bukit Gambir 
999 |a 0000918443   |b Book   |c Children Collection   |e Cawangan Bukit Gambir 
999 |a 0000928662   |b Book   |c Children Collection   |e Cawangan Tangkak 
999 |a 0000928663   |b Book   |c Children Collection   |e Cawangan Tangkak 
999 |a 0000928664   |b Book   |c Children Collection   |e Cawangan Tangkak